000 00880cam a2200313 i 4500
001 768714001
003 CO-MdFUSB
005 20250529115223.0
007 ta
008 250529t1979 -sp||||| |||| 00| 0 spa d
020 _a84-7228-446-8
040 _cCO-MdFUSB
041 0 _aspa
082 0 4 _223
_a248.5
_bO881h
100 1 _aOtis, George
_eautor
240 _aEldrige cleaver : Ice and fire
245 1 0 _aHielo y fuego
_c/ George Otis ; traducido por Francisco Cazorla
264 1 _bClie,
_aTerrassa, Barcelona, España :
_c[1979]
264 4 _c©1979
300 _a190 páginas
336 _atexto
_btxt
_2rdacontent
337 _2rdamedia
_asin mediación
_bn
338 _2rdacarrier
_avolumen
_bnc
563 _aRústico
650 0 _aVida cristiana
_919
700 _aCazorla, Francisco,
_96000
_etraductor
942 _cBK
945 _aMiguel Gómez
999 _c36123
_d36123